| 000 | 00000nam 2200000zi 4500 |
| 001 | 9.918253 |
| 003 | CaOODSP |
| 005 | 20231127111551 |
| 006 | m o d f |
| 007 | cr |n||||||||| |
| 008 | 221213t20222022onc o f000 0 fre d |
| 020 | |a9780660467214 |
| 040 | |aCaOODSP|bfre|erda|cCaOODSP |
| 043 | |an-cn--- |
| 086 | 1 |aH14-424/3-2022F-PDF |
| 245 | 00|aFeuillet d'information sur la Prestation dentaire canadienne. |
| 264 | 1|aOttawa (Ontario) : |bGouvernement du Canada = Government of Canada, |c2022. |
| 264 | 4|c©2022 |
| 300 | |a1 ressource en ligne (1 page) |
| 336 | |atexte|btxt|2rdacontent/fre |
| 337 | |ainformatique|bc|2rdamedia/fre |
| 338 | |aressource en ligne|bcr|2rdacarrier/fre |
| 500 | |aPublié aussi en anglais sous le titre : Canada Dental Benefit factsheet. |
| 650 | 6|aEnfants|xSoins dentaires|zCanada|xFinances. |
| 650 | 6|aEnfants|xSoins dentaires|xPolitique gouvernementale|zCanada. |
| 710 | 1 |aCanada. |bSanté Canada, |eorganisme de publication. |
| 775 | 08|tCanada Dental Benefit factsheet.|w(CaOODSP)9.918252 |
| 775 | 08|t[Feuillet d'information sur la Prestation dentaire canadienne.]|w(CaOODSP)9.918264 |
| 775 | 08|t[Feuillet d'information sur la Prestation dentaire canadienne.]|w(CaOODSP)9.918265 |
| 775 | 08|t[Feuillet d'information sur la Prestation dentaire canadienne.]|w(CaOODSP)9.918266 |
| 775 | 08|tBeneficio dental de Canada hoja de datos.|w(CaOODSP)9.918268 |
| 775 | 08|t[Feuillet d'information sur la Prestation dentaire canadienne.]|w(CaOODSP)9.918269 |
| 775 | 08|t[Feuillet d'information sur la Prestation dentaire canadienne.]|w(CaOODSP)9.918270 |
| 775 | 08|tBenepisyo para sa Ngipin sa Canada factsheet.|w(CaOODSP)9.918272 |
| 775 | 08|t[Feuillet d'information sur la Prestation dentaire canadienne.]|w(CaOODSP)9.918273 |
| 775 | 08|tDheefta Caafimaadka Ilkaha ee Dalka Canada : |w(CaOODSP)9.921378 |
| 775 | 08|tKenadaw li dawnchee weechihiwaywin.|w(CaOODSP)9.921646 |
| 794 | |tFeuillet d'information pour la Prestation dentaire canadienne.|b(2023)|w(CaOODSP)9.925989 |
| 856 | 40|qPDF|s138 Ko|uhttps://publications.gc.ca/collections/collection_2023/sc-hc/H14-424-3-2022-fra.pdf |
| 986 | |a220650 |